00861cas a22002417a 450000500170000000800410001701000100005801100100006803500100007824501170008826000710020531000180027636200190029450000470031359000410036059000410040159000420044265000580048486600230054290100070056590500300057299900170060220220329142114.0990629d uy zn p rnn 0 uub1spa d a78502 a79474 a8970600aBoletín de la Estación Experimental de Paysanduc/por Universidad de la República. Facultad de Agronomía0 aUruguay :bUniversidad de la República. Facultad de Agronomía, aCuatrimestral1 av.3 n.12, 1966 aSe dejó de recibir con el v.3 n.12, 1966 aBATCH-UPDb10c20130110lUCH01h2354 aBATCH-UPDb10c20130410lUCH01h1640 aCONVERSIONb10c20130109lUCH01h134314aAgriculturaxUruguayxPublicaciones periodicas.91895 av.3 n.10-12 (1966) aSE aMa. del Socorro Iturbe C. c78502d78502